Statistics for The Godfather Trilogy Quiz

Click here to take the quiz!

General Stats

  • This quiz has been taken 647 times
  • The average score is 15 of 21

Answer Stats

HintAnswer% Correct
HintActor who played MichaelAl Pacino
95%
HintAnimal whose head ends up in Jack Woltz' bedHorse
95%
HintIsland on which Vito was bornSicily
95%
HintActor who played Vito (old)Marlon Brando
93%
HintActor who played Vito (young)Robert De Niro
92%
HintDirector of the three moviesFrancis Ford Coppola
88%
HintAuthor of the 1969 novelMario Puzo
83%
Quotes"Keep your friends close, but your ___ closer"Enemies
82%
Quotes"I'm gonna make him an ___ __ ___ ___"Offer he can't refuse
78%
Quotes"It's a Sicilian message. It means Luca Brasi is sleeping with the ____"Fishes
77%
HintPart II is set at the backdrop of which country's revolution?Cuba
75%
HintWhat does the family name Corleone derive from?A town
70%
HintState the Corleone family relocates to in Part IINevada
68%
HintAdvising mafia position held by Tom Hagen (Robert Duvall)Consigliere
63%
HintFruit that foreshadows death or near deathOrange
63%
Quotes"Leave the gun, take the ____"Cannoli
61%
HintPope who appears in Part IIIJohn Paul I.
48%
HintWhat is the job of Bonasera, who asks Vito for a favor at the beginning of Part I?Mortician
44%
HintVito's birth nameAndolini
43%
HintNew York neighborhood where Vito lives in Part IILittle Italy
41%
HintReal life gangster upon whom Moe Greene is basedBugsy Siegel
20%

Score Distribution

Percentile by Number Answered

Percent of People with Each Score

Your Score History

You have not taken this quiz